| 000 | 00882nac a22002531i 4500 | ||
|---|---|---|---|
| 003 | EG-ScBUE | ||
| 005 | 20260106094223.0 | ||
| 008 | 130117s2003 nyua f 000 0 eng d | ||
| 020 | _a0060536101 | ||
| 020 | _a9780060536107 | ||
| 040 |
_aEG-ScBUE _beng _erda _cEG-ScBUE _dEG-ScBUE |
||
| 082 | 0 | 4 |
_a747.94 _bCOL _222 |
| 245 | 0 | 0 |
_aColor in your home / _cedited by Marta Feduchi ; photography by Jordi Sarra. |
| 264 | 1 |
_aNew York, NY : _bHarper Design International, _c2003. |
|
| 300 |
_a329 pages : _billustrations (chiefly color) ; _c24 cm |
||
| 336 |
_2rdacontent _atext _btxt |
||
| 337 |
_2rdamedia _aunmediated _bn |
||
| 338 |
_2rdacarrier _avolume _bnc |
||
| 650 | 7 |
_aColor in interior decoration _vPictorial works. _2BUEsh _931884 |
|
| 655 | _vReading book | ||
| 700 | 1 |
_aFeduchi, Marta, _eeditor. _931885 |
|
| 700 | 1 |
_aSarrai, Jordi, _ephotographer. _931886 |
|
| 942 |
_cBB _2ddc |
||
| 999 |
_c3159 _d3159 |
||